00798nam a2200241 a 4500999001500000001000500015003000900020005001700029008004100046020001500087040002800102082001600130100002500146245008800171250001200259260005200271300004500323650001600368700002400384700002200408942001200430952011400442 c6107d61074696BD-DhUAP20201224144708.0201224s1986 nyua 001 0 eng d a025603415X aDLCcDLCdBD-DhUAPbeng00a657 HER223 aHermanson, Roger H. 00aAccounting principles /cRoger H. Hermanson, James Don Edwards and R. F. Salmonson. a3rd ed. aPlano, Texas : bBusiness Publications,cc1986. avarious pages :billustrations ;c26 cm. 0aAccounting. aEdwards, James Don. aSalmonson, R. F.  2ddccBK 00102ddc4070aUAPCLbUAPCLcGeneral Stacksd2020-12-24o657 HERp3010004696r2020-12-24t1w2020-12-24yBK